000 01144ncm a2200313 c 4500
003 BLK
005 20180421003239.0
008 180414b bul |a|er|||| |0| c|bulo|
010 _aNOT00000284000
040 _aBLK
041 _aRUS
_cRUS
080 _aКомични опери. Опера-буфа
_b782.7
_x
_z782.7
100 1 _aПерголези, Джовани Батиста
_eпърви автор
_9108531
700 1 _aФедерико, Дженаро
_eлибрето
_9361622
139 _aПерголези, Джовани Батиста
_bП 37
245 1 0 _aСлужанка госпожа
_bИнтермедия в 2 ч.
_cДжовани Батиста Перголези; либрето Дженаро Федерико.
246 1 1 _aСлугинята господарка
254 _aКлавир
257 _aRUS
260 Москва
_bГос. муз. изд. 30420
_c1963
300 _a115 с
_c30 см
380 _a7
500 _aТекст на рус. и итал. ез.
852 _aЦб М ІІ 2781
_p0
856 4 _qpdf
_u
856 4 _qpdf
_u
942 _cNOT
_n0
944 _aCR
_c14.11.2003
_k
944 _aED
_c23.11.2004
_k
999 _c296934
_d296934